| 000 | 00531nam a22001817a 4500 | ||
|---|---|---|---|
| 005 | 20251108172754.0 | ||
| 008 | 250721s2002 xx 000 0 eng d | ||
| 082 | 1 | 4 | _aR/423.1/MAN |
| 245 | 1 | 0 | _aAL- Manahel Dictionary : English - Arabic / |
| 246 | 1 | 1 | _aقاموس المناهل : إنكليزي - عربي |
| 264 | 1 |
_aدمشق : _barabization and translation center, _c2002. |
|
| 300 | _a622 p | ||
| 650 | 1 | 7 | _aENGLISH LANGUAGE |
| 650 | 1 | 7 | _aARABIC LANGUAGE |
| 650 | 1 | 7 | _aDICTIONARIES |
| 942 |
_2ddc _cREF |
||
| 999 |
_c88092 _d88092 |
||